| 000 | 01464cai a22002175a 4500 | ||
|---|---|---|---|
| 001 | L155553 | ||
| 008 | 120329s2013 xxk f 000 0 eng d | ||
| 035 | _a(Sirsi) u155553 | ||
| 041 | 0 | _aeng | |
| 110 | 2 |
_aUnited Kingdom _bDepartment for Business, Innovation and Skills _95760 |
|
| 245 | 0 | 0 |
_aBuilding information modelling (BIM) task group _h[electronic resource] |
| 260 |
_a[S.l.] _bBIS _c2013 |
||
| 520 | _aThe Building Information Modelling (BIM) Task Group are supporting and helping deliver the objectives of the Government Construction Strategy and the requirement to strengthen the public sector's capability in BIM implementation with the aim that all central government departments will be adopting, as a minimum, collaborative Level 2 BIM by 2012. This web-site will keep you up to date with the latest news on the programme, linkage to key resources, lessons learned from the exemplar BIM projects and provide a means of contacting the team. Search the website for COBie Data Drop downloads. The BIM Task Group brings together expertise from industry, government, public sector, institutes and academia. The website will continue to grow as the departmental exemplar projects come on stream. | ||
| 590 | _aKA NTK | ||
| 650 | 2 | 4 | _aBUILDING INFORMATION MODELLING |
| 650 | 2 | 4 |
_aBIM _96219 |
| 651 | 4 |
_aUnited Kingdom _y |
|
| 690 |
_aBIM _96219 |
||
| 856 | 4 | 0 |
_uhttps://www.bimtaskgroup.org _zView the online portal at www.bimtaskgroup.org |
| 942 | _n0 | ||
| 999 |
_c113657 _d113657 |
||